000 00908nam a2200265Ia 4500
003 OSt
005 20220927115101.0
006 a|||||r|||| 00| 0
007 ta
008 220926b |||||||| |||| 00| 0 eng d
024 _a71776
037 _cThesis and Dissertations
040 _aRTL
_cRTL
_beng
041 _2eng
_aeng
082 _a"X651.2.N9, N7"
100 _aGupta Joohi
_9390879
110 _aUniversity of Delhi. Faculty of Commerce and Business Studies. Deopartment of Commerce
_9390880
245 0 _aRates of return on equities in India
260 _aDelhi
_bUnivesity of Delhi India
_c1997
300 _a240p.
_ccm.
650 _aStock Exchange
700 _aUniversity of Delhi. Faculty of Commerce and Business Studies. Deopartment of Commerce
_9390881
942 _h"X651.2.N9, N7"
_cCC
999 _c705930
_d705930